1996 Nascar Winston Cup Series Lineup - Statistics

General Stats
  • This quiz has been taken 110 times
  • The average score is 27 of 45
Answer Stats
Car Number Driver % Correct
3 Dale Earnhardt
98%
24 Jeff Gordon
96%
5 Terry Labonte
96%
18 Bobby Labonte
94%
6 Mark Martin
94%
81 Kenny Wallace
92%
2 Rusty Wallace
92%
90 Mike Wallace
88%
94 Bill Elliott
85%
17 Darrell Waltrip
85%
21 Michael Waltrip
85%
99 Jeff Burton
83%
22 Ward Burton
83%
88 Dale Jarrett
79%
4 Sterling Marlin
79%
10 Ricky Rudd
75%
11 Brett Bodine
73%
7 Geoff Bodine
73%
42 Kyle Petty
73%
25 Ken Schrader
71%
28 Ernie Irvan
65%
98 Jeremy Mayfield
60%
37 John Andretti
56%
1 Rick Mast
56%
87 Joe Nemechek
54%
43 Bobby Hamilton
52%
23 Jimmy Spencer
52%
9 Lake Speed
50%
41 Ricky Craven
50%
71 Dave Marcis
48%
75 Morgan Shepherd
48%
16 Ted Musgrave
48%
12 Derrike Cope
44%
8 Hut Stricklin
44%
30 Johnny Benson
42%
19 Loy Allen Jr.
42%
19 Dick Trickle
40%
90 Dick Trickle
40%
33 Robert Pressley
33%
15 Wally Dallenbach Jr.
33%
77 Bobby Hillin Jr.
31%
29 Steve Grissom
29%
95 Gary Bradberry
17%
27 Elton Sawyer
13%
78 Randy MacDonald
2%
No matching quizzes found
Score Distribution
Percent of People with Each Score
Percentile by Number Answered
Your Score History
You have not taken this quiz